000 00758nam a22002537a 4500
001 BR8702953
003 BR-BrBNA
005 20230928092546.0
007 ta
008 230509b bl.||||| |||| 00| 0 por d
040 _aBR-BrBNA
_bpor
_cBiblioteca Nacional de Agricultura
041 _a(Por)
072 _aF01
_b0331
090 _ 0331 BR8702953
110 1 _aComissao de Desenvolvimento do Vale do Jequitinhonha, Belo Horizonte, MG (Brasil)
_91974
245 1 _aProgramas de cultura da mamona
260 3 _aBelo Horizonte, MG (Brasil):
_c1970.
300 _avp.
500 _a(*) Documento disponível no(a) CODEVALE, Belo Horizonte, MG (Brazil)
650 _aMAMONA
650 _aPLANTIO
909 _a202309
_bLucia
_c55
_dLucia Elande
942 _cBK
999 _c39804
_d39804